<?xml version="1.0" encoding="UTF-8"?>
<collection xmlns="http://www.loc.gov/MARC21/slim">
 <record>
  <leader>00830nam a22001815a 4500</leader>
  <controlfield tag="001">EUN.um068177</controlfield>
  <controlfield tag="003">AR-BaUNS</controlfield>
  <controlfield tag="005">20050623122932.0</controlfield>
  <controlfield tag="008">041125s1978####it############000#0#spa#d</controlfield>
  <datafield tag="245" ind1="1" ind2="4">
   <subfield code="a">Las aguas subterráneas :</subfield>
   <subfield code="b">Informe del seminario en la utilización óptima de los recursos hidráulicos /</subfield>
   <subfield code="c">Organización de las Naciones Unidas para la agricultura y la alimentación.</subfield>
  </datafield>
  <datafield tag="260" ind1=" " ind2=" ">
   <subfield code="a">Roma :</subfield>
   <subfield code="b">Organización de las Naciones Unidas para la agricultura y la alimentación,</subfield>
   <subfield code="c">1978.</subfield>
  </datafield>
  <datafield tag="300" ind1=" " ind2=" ">
   <subfield code="a">297 p.</subfield>
  </datafield>
  <datafield tag="490" ind1="0" ind2=" ">
   <subfield code="a">Estudio FAO: riego y drenaje, 18</subfield>
  </datafield>
  <datafield tag="520" ind1=" " ind2=" ">
   <subfield code="a">Seminario celebrado en Granada 18-23 de octubre de 1971.</subfield>
  </datafield>
  <datafield tag="020" ind1=" " ind2=" ">
   <subfield code="a">9253003901</subfield>
  </datafield>
  <datafield tag="082" ind1="0" ind2="4">
   <subfield code="a">631.7</subfield>
  </datafield>
  <datafield tag="110" ind1="2" ind2=" ">
   <subfield code="a">Organización de las Naciones Unidas para la agricultura y la alimentación</subfield>
   <subfield code="c">Roma.</subfield>
  </datafield>
  <datafield tag="859" ind1=" " ind2=" ">
   <subfield code="a">Ar-BaUNS</subfield>
   <subfield code="b">BIB. CENTRAL - Sector C</subfield>
   <subfield code="h">631.7</subfield>
   <subfield code="i">Or14</subfield>
   <subfield code="p">81558/979</subfield>
  </datafield>
 </record>
</collection>
